| 000 | 00573nam a2200181 a 4500 | ||
|---|---|---|---|
| 005 | 20230324063519.0 | ||
| 008 | 991125s1962 mad 000 0 fre u | ||
| 035 | _aUPN01000058139 | ||
| 049 | _aCG | ||
| 050 | 4 | _aPC2111 G8.9 | |
| 100 | 1 | _aGuénot, Jean | |
| 245 | 1 | 0 |
_aValentine voyage : _bcurso de francés para turistas / _cJean Guénot ; ils. Alan de Lannoy |
| 260 |
_aMadrid$aParís; : _bAlhambra$bRadiodiffusion-Telévision Francaise, _c1962 |
||
| 300 |
_a103 p. : _bil. |
||
| 650 | 4 |
_aFrancés _xEstudio y enseñanza _913059 |
|
| 904 |
_aAC _b058142 |
||
| 905 | _aLibro | ||
| 999 |
_c58139 _d58139 |
||